| 000 | 04152naa a2200349 4500 | ||
|---|---|---|---|
| 007 | cr | ||
| 008 | 250812e202311 ag |||||o|t|| 00| 0 spa d | ||
| 022 | _a3008-7961 | ||
| 040 |
_cAR-FvUNAJ _dAR-FvUNAJ _eaacr2 |
||
| 041 | _aspa | ||
| 100 | 1 |
_921835 _aElsegood, Liliana |
|
| 245 | 1 | 0 |
_aCurricularización : _bSujetos, saberes y territorios / _cElsegood, Liliana ... [et. al] |
| 260 |
_aFlorencio Varela : _bUniversidad Nacional Arturo Jauretche, _c2023 |
||
| 300 |
_a66 p. : _bDigital |
||
| 490 |
_aUniversidad Nacional Arturo Jauretche. Observatorio de la Educación Superior _v1 |
||
| 520 | _aDesde principios del siglo XX quedó claro que el impacto de la universidad excede por lejos la reproducción disciplinar. La trama de pertenencias de las comunidades universitarias en la vida de la nación imprime temporalidades, temáticas y preocupaciones no contenidas en los acuerdos de origen de carreras de grado o de estructuras institucionales y desafían equilibrios y posiciones adquiridas. Fundamentalmente estas tramas exigen permanentemente innovación en las prácticas de difusión, desarrollo y creación de conocimientos. Exige la innovación pedagógica constante y que subvierta la lógica retraída que naturalmente conservan las instituciones; incorporando misiones y funciones que ya son estructurantes de los sistemas universitarios del mundo. Pero más aún: la densidad pedagógica, en constante colaboración, es tan marcada que se torna indispensable para el desarrollo de la educación superior en el mundo. En nuestro país, además, siempre en la vanguardia en términos de ampliación de derechos en educación superior, la noción de “pertinencia” de los tramos formativos recompone ese vínculo pedagógico-político con la comunidad generando una constante revisión de los contenidos curriculares a la luz de la experiencia en territorios. A eso le llamamos “curricularización”, de las formas y estrategias de “recuperar” los saberes que el pueblo desarrolla en su camino emancipador y de eso se trata esta publicación. La serie de publicaciones Documentos de Trabajo tiene como objetivo la reflexión colectiva sobre temáticas de coyuntura socioeducativa a través de una dinámica de exposición a cargo de importantes investigadores de la región en temas seleccionados tras largos debates en el equipo de trabajo del observatorio. El centro de la mirada siempre puesto en las transformaciones que se observan o se anhelan en el sistema universitario, siempre presuponiendo las implicancias de los cambios o las desventajas de las inercias. La serie Documentos de Trabajo se produce en colaboración con la Editorial UNAJ y el área de prensa de la universidad. La coordinación y la edición de los documentos está a cargo del Dr. Astor Massetti y la Profesora Daniela Morales. El diseño de interiores está a cargo de Gabriela Ruiz y la edición web a cargo de José Luis Skidelsky. Sobre el presente documento: Documento de Trabajo elaborado en base al 2° CONVERSATORIO DEL OBSERVATORIO DE EDUCACIÓN SUPERIOR. SUJETOS, SABERES Y TERRITORIOS, realizado el 23 de agosto del 2023, presentado por el Rector Dr. Arnaldo Medina y moderado por el director del observatorio de educación superior Lic. Ernesto Villanueva. | ||
| 540 |
_aEsta obra está bajo una Licencia Creative Commons Argentina. Atribución - No Comercial - Sin Derivadas 2.5 Argentina (CC BY-NC-ND 2.5 AR) _uhttps://creativecommons.org/licenses/by-nc-nd/2.5/ar/ |
||
| 650 | 2 | 7 |
_2Unescot _9970 _aUNIVERSIDAD |
| 650 | 2 | 7 |
_2Unescot _9946 _aENSEÑANZA SUPERIOR |
| 650 | 2 | 7 |
_2Unescot _915059 _aPOLÍTICA EDUCACIONAL |
| 650 | 2 | 7 |
_2Unescot _92102 _aPLAN DE ESTUDIOS UNIVERSITARIOS |
| 700 | 1 |
_921836 _aKandel, Victoria |
|
| 700 | 1 |
_921837 _aPetz, Ivanna |
|
| 700 | 1 |
_921838 _aMaturo, Yanina |
|
| 700 | 1 |
_93468 _aMassetti, Astor |
|
| 700 | 1 |
_920788 _aMorales, Daniela _eComp. |
|
| 700 | 1 |
_93184 _aMedina, Arnaldo _eProl. |
|
| 830 |
_921834 _aUniversidad Nacional Arturo Jauretche. Observatorio de la Educación Superior _v1 |
||
| 856 | _uhttps://rid.unaj.edu.ar/handle/123456789/2845 | ||
| 942 |
_2ddc _cLIBRO DIGI |
||
| 999 |
_c11059 _d11059 |
||
| 980 |
_620072 _a Matías Regueira _820072 _g Matías Regueira |
||